Compendium of soil fungi. V 1. (Record no. 36699)

MARC details
000 -LEADER
fixed length control field 00306nam a2200121Ia 4500
082 ## - DEWEY DECIMAL CLASSIFICATION NUMBER
Classification number 582.28:630*114
Item number DOM.1
100 ## - MAIN ENTRY--AUTHOR NAME
Personal name DOMSCH, K H
245 #0 - TITLE STATEMENT
Title Compendium of soil fungi. V 1.
260 ## - PUBLICATION, DISTRIBUTION, ETC. (IMPRINT)
Place of publication London
Name of publisher Academic
Year of publication 1980
650 ## - SUBJECT ADDED ENTRY--TOPICAL TERM
Topical Term Soil fungi
942 ## - ADDED ENTRY ELEMENTS (KOHA)
Koha item type Books
Holdings
Withdrawn status Lost status Damaged status Not for loan Home library Current library Date acquired Full call number Accession Number Koha item type
        RRII Library RRII Library 16/12/2021 582.28:630*114 DOM.1 17099 Books